000
00325 a2200109 4500
001
ART_39608
005
20260410162000.0
008
260409a
245
1
0
_a
Pascual Contursi y el origen de las letras de tango
100
1
_a
Romano, Eduardo
773
0
_t
Propuestas
_g
- Año 2, Nº 4 (nov. 1996)
_w
REV28258
999
_c
31226
_d
31226